Ilusiones ópticas (Record no. 158293)
[ view plain ]
| 000 -LEADER | |
|---|---|
| fixed length control field | 00631nam a22001937a 4500 |
| 005 - DATE AND TIME OF LATEST TRANSACTION | |
| control field | 20211025120229.0 |
| 008 - FIXED-LENGTH DATA ELEMENTS--GENERAL INFORMATION | |
| fixed length control field | 211025b sp ||||| |||| 00| 0 spa d |
| 020 ## - INTERNATIONAL STANDARD BOOK NUMBER | |
| International Standard Book Number | 9788493818340 |
| 050 04 - LIBRARY OF CONGRESS CALL NUMBER | |
| Classification number | N6494.O6 |
| Item number | I48 2010 |
| 245 00 - TITLE STATEMENT | |
| Title | Ilusiones ópticas |
| Remainder of title | : = ilusoes de óptica |
| Statement of responsibility, etc | / traducción Cillero & de Mota |
| 246 11 - VARYING FORM OF TITLE | |
| Title proper/short title | Ilusoes de óptica |
| 250 ## - EDITION STATEMENT | |
| Edition statement | 1a ed. |
| 260 ## - PUBLICATION, DISTRIBUTION, ETC. (IMPRINT) | |
| Place of publication, distribution, etc | Madrid : |
| Name of publisher, distributor, etc | Ilusbooks, |
| Date of publication, distribution, etc | 2010- |
| 546 ## - LANGUAGE NOTE | |
| Language note | Textos en Inglés, Español, Italiano, Portugués |
| 650 #7 - SUBJECT ADDED ENTRY--TOPICAL TERM | |
| Source of heading or term | lemb |
| Topical term or geographic name as entry element | Arte óptico |
| General subdivision | Exposiciones |
| 650 #7 - SUBJECT ADDED ENTRY--TOPICAL TERM | |
| Source of heading or term | lemb |
| Topical term or geographic name as entry element | Imágenes ópticas |
| 710 1# - ADDED ENTRY--CORPORATE NAME | |
| Corporate name or jurisdiction name as entry element | Cillero & de Motta |
| Relator term | traductor |
| 942 ## - ADDED ENTRY ELEMENTS (KOHA) | |
| Source of classification or shelving scheme | Biblioteca del Cogreso de los Estados Unidos |
| Koha item type | Libro |
| Estado de pérdida | Fuente de clasificación | Estado del daño | No para préstamo | Ubicación permanente | Ubicación actual | Apartado o colección | Fecha de adquisición | Fuente de adquisición | Edición | Área del conocimiento | Total Checkouts | Clasificación | Código de Barras | Date last seen | Número de copia | Costo por reposición | Tipo de recurso |
|---|---|---|---|---|---|---|---|---|---|---|---|---|---|---|---|---|---|
| Biblioteca del Cogreso de los Estados Unidos | Biblioteca de la Facultad de Letras | Biblioteca de la Facultad de Letras | General | 25/10/2021 | Donación | 1a ed. | Educación y Humanidades | N6494.O6 I48 2010- | LLH000009797 | 25/10/2021 | 1 | 1.00 | Libro |